000 00271nam a22001217a 4500
020 _a9789351110323
082 _a664.002
_bTIL/FO
100 _aTilak Ram
_9979
245 _aFood Chemistry
260 _aNew Delhi
_bRandom Publications
_c2013
300 _a327
942 _cBK
999 _c14566
_d14566